000 00970nmm a2200289 a 4500
001 ocm000884463
003 TR-IsHL
005 20201028152548.0
008 150709s2009 tu tur
007 cr cn
020 _a9786055965211
035 _a884463
_b(N$T)
050 0 4 _aPL109.K4
_bK37 2009
090 0 4 _aPL109.K4
_bK37 2009
100 1 _aNalbant, Mehmet Vefa
245 1 0 _aDivanü Lugati't-Türk grameri-1: isim
_h[electronic resource] /
_cMehmet Vefa Nalbant
250 _a1. bs.
260 _aİstanbul :
_bBilgeoğuz Yayınları,
_c2009
300 _a381 p.
650 4 _aDil ve Edebiyat
650 4 _aLanguage and Literature
650 0 _aKaşgarlı Mahmud, 1008-1105
650 0 _aTürk dili
_x Sözlükler
650 0 _aTurkish language
_x Dictionaries
650 7 _aFOREIGN LANGUAGE STUDY / Multi-Language Dictionaries
_2bisacsh
856 4 0 _uhttp://search.ebscohost.com/login.aspx?direct=true&scope=site&db=e011xww&AN=884463
999 _c11592
_d11592